000 00449 a2200157 4500
001 149666
040 _cEscola São Tomás de Aquino
100 _aZATZ, Lia
240 1 0 _aEra uma vez uma bruxa
_lpor
245 1 0 _aEra uma vez uma bruxa
300 _a47
362 0 _a2002
440 1 _aModerna
697 _aHistórias de bruxas, centauros, fadas, duendes, deuses, sereias, ogres, vampiros, feiticeiros, mágicos
942 _cBK
999 _c149666
_d149666